| 000 | 01003naa a22002777a 4500 | ||
|---|---|---|---|
| 001 | BR7304667 | ||
| 003 | BR-BrBNA | ||
| 005 | 20240918173457.0 | ||
| 007 | ta | ||
| 008 | 230509b bl.||||| |||| 00| 0 por d | ||
| 040 |
_aBR-BrBNA _bpor _cBiblioteca Nacional de Agricultura |
||
| 041 | _a(Pt) | ||
| 072 |
_aQ10; Q20 _b9924 _b9343 |
||
| 090 | _aQ10 BR7304667 | ||
| 100 | 1 | _aLeme Junior, J. | |
| 245 | 1 | _aControle das destilarias de melaco [Alcool; Fermentacao; Rendimento] | |
| 260 | 3 |
_aPiracicaba, SP (Brasil): _c1961. |
|
| 500 | _a2. Semana de Fermentacao Alcoolica. Fermentacao do mel final das usinas de acucar Piracicaba, SP (Brasil): 1961. p. 282-296 (BR7304667-AM)Q10 | ||
| 650 | _aMELACO | ||
| 650 | _aDESTILARIA | ||
| 650 | _aALCOOL | ||
| 650 | _aFERMENTACAO | ||
| 773 | 0 |
_t2. Semana de Fermentacao Alcoolica. Fermentacao do mel final das usinas de acucar _b _wQ10 BR7304667 _gPiracicaba, SP (Brasil), 1961. p. 282-296 |
|
| 909 |
_a202404 _bLucia _c55 _dLucia Elande |
||
| 942 |
_cAM _2AGRIS |
||
| 999 |
_c304842 _d304842 |
||